チェロキー語のWikipediaにある日本にまつわる記事 - Statistics

General Stats
  • This quiz has been taken 300 times
  • The average score is 6 of 12
Answer Stats
チェロキー語 ジャンル 日本語の項目名 % Correct
ᏣᏩᏂᏏ 日本
98%
ᎣᏌᎧ 都市 大阪市
93%
ᏌᏉᏬ 都市 札幌市
79%
ᎩᏲᏙ 都市 京都市
77%
ᎾᎪᏯ 都市 名古屋市
74%
ᏲᎪᎭᎹ 都市 横浜市
70%
ᏙᎩᏲ 都市 東京都
57%
ᏧᏙ スポーツ 柔道
55%
ᎠᎩᎳ ᎫᎶᏌᏩ 人物 黒澤明
6%
ᎽᎳᏌᎩ ᏍᏱᎩᏊ 人物 紫式部
3%
ᏠᏏᎶ ᎻᎱᏁ 人物 三船敏郎
2%
ᎼᎼᎪ ᎪᏥ 人物 河内桃子
1%
No matching quizzes found
Score Distribution
Percent of People with Each Score
Percentile by Number Answered
Your Score History
You have not taken this quiz